| 000 | 00852nac a22002535a 4500 | ||
|---|---|---|---|
| 008 | 081106t2007 njua frb 001 0 eng d | ||
| 010 | _a 2005057977 | ||
| 020 | _a0131870165 | ||
| 020 | _a9780131870161 | ||
| 040 |
_aEG-ScBUE _bENG _cEG-ScBUE |
||
| 082 | 0 | 4 |
_a658.87 _bBER _222 |
| 100 | 1 |
_aBerman, Barry. _92303 |
|
| 245 | 1 | 0 |
_aRetail management : _ba strategic approach / _cBarry Berman, Joel R. Evans. |
| 250 | _a10th ed. | ||
| 260 |
_aUpper Saddle River, New Jersey : _bPalgrave Macmillan, _cc.2007 |
||
| 300 |
_a682 p. : _bill. (col.) ; _c30 cm. |
||
| 504 | _aIncludes bibliographical references and indexes. | ||
| 590 | _acatalogued by : Mostafa El-Helaly | ||
| 650 | 0 |
_aRetail trade _xManagement. _92304 _2BUEsh |
|
| 651 | _2BUEsh | ||
| 653 | _cAugust2015 | ||
| 700 | 1 |
_aEvans, Joel R. _92305 |
|
| 942 |
_cBB _k658.87 BER _2ddc |
||
| 999 |
_c2425 _d2425 |
||